| 000 | 00000nam##2200000za#4500 |
| 001 | 9.681554 |
| 003 | CaOODSP |
| 005 | 20200401053156 |
| 007 | ta |
| 008 | 150407|2001||||xxc||||| f|0| 0 fre|d |
| 020 | |a0-662-86019-5 |
| 040 | |aCaOODSP|bfre |
| 043 | |an-cn--- |
| 086 | 1 |aA22-226/2001F |
| 110 | 1 |aCanada. |bAgriculture et agroalimentaire Canada. |bDirection générale des politiques. |
| 245 | 10|aLes liens verticaux dans les chaînes d'approvisionnement agroalimentaire au Canada et aux États-Unis / |cpar Jill E. Hobbs et Linda M. Young. |
| 260 | |aOttawa - Ontario : |bAgriculture et Agroalimentaire Canada. |c2001. |
| 300 | |ax, 100p. : |bgraphiques, tableaux ; |c28 cm. |
| 500 | |a«Le présent rapport traite de la nature des liens verticaux en agriculture, qui vont des marchés au comptant à l'intégration verticale. On y examine la documentation sur la recherche appliquée et théorique qui se rapporte à la coordination verticale.»--Résumé. |
| 504 | |aBibliographie. |
| 563 | |aReliure à spirale |
| 590 | |a01-31|b2001-08-03 |
| 691 | 07|aIndustrie agro-alimentaire|2gcpds |
| 691 | 07|aAnalyse de marché|2gcpds |
| 720 | 1 |aYoung, Linda M. |
| 775 | 08|tVertical linkages in agri-food supply chains in Canada and the United States / |w(CaOODSP)9.648246 |
| 776 | 0#|tLes liens verticaux dans les chaînes d'approvisionnement agroalimentaire au Canada et aux États-Unis / |w(CaOODSP)9.637700 |
| 986 | |a2083/F |